| 000 | 00671nam a2200253 a 4500 | ||
|---|---|---|---|
| 001 | nice12345678 | ||
| 003 | IN_TiNIC | ||
| 005 | 20260116013548.0 | ||
| 008 | 050524s1985 bana grp 000 0 eng | ||
| 020 |
_a _c290 |
||
| 082 | 0 | 0 |
_a344 _bCOR |
| 100 | _aCoriden, James A | ||
| 245 | _aCode of Canon Law; a Text and Commentary | ||
| 260 |
_aBangalore _bTheological Publications in India _c1985 |
||
| 300 | _a1152p | ||
| 500 | _aincludes index and biblioraphy | ||
| 505 | 2 | _ajesuit theological forum reflections. | |
| 650 | _aCanon Laws | ||
| 650 | _aChristianity and Law | ||
| 700 | 1 | _aCoriden, James A | |
| 902 | _bSRS | ||
| 942 | _cBK | ||
| 999 |
_c11481 _d11481 |
||